<?xml version="1.0" encoding="UTF-8"?>
<resp>
  <nextPage>https://data.bn.org.pl/api/networks/bibs.marcxml?marc=001+b00001150003824&amp;sinceId=1150003825</nextPage>
  <collection>
    <record xmlns='http://www.loc.gov/MARC21/slim'><leader>00901namZa2200277ZiZ4500</leader><controlfield tag='001'>b00001150003824</controlfield><controlfield tag='005'>20241203215838.6</controlfield><controlfield tag='008'>230609s        pl           |000 0 pol c</controlfield><controlfield tag='009'>9913261799205606</controlfield><datafield ind1=' ' ind2=' ' tag='035'><subfield code='a'>KR_1KR_1_20120317232936023548-48omnis_kr</subfield></datafield><datafield ind1=' ' ind2=' ' tag='035'><subfield code='a'>KR_1_20120317232936023548</subfield><subfield code='9'>ExL</subfield></datafield><datafield ind1=' ' ind2=' ' tag='035'><subfield code='a'>(PL)b00001150003824</subfield></datafield><datafield ind1=' ' ind2=' ' tag='040'><subfield code='a'>KR_1</subfield><subfield code='c'>KR_1</subfield></datafield><datafield ind1='1' ind2=' ' tag='041'><subfield code='a'>pol</subfield><subfield code='h'>engfre</subfield></datafield><datafield ind1='0' ind2='0' tag='245'><subfield code='a'>Zamek Królewski w Warszawie /</subfield><subfield code='c'>Aleksander Gieysztor [i in.]</subfield></datafield><datafield ind1=' ' ind2=' ' tag='250'><subfield code='a'>Wyd. 2 uzup.</subfield></datafield><datafield ind1=' ' ind2=' ' tag='260'><subfield code='a'>W-wa :</subfield><subfield code='b'>Państ. Wydaw. Naukowe,</subfield><subfield code='c'>1973.</subfield></datafield><datafield ind1=' ' ind2=' ' tag='300'><subfield code='a'>323 s. :</subfield><subfield code='b'>fot., il. ;</subfield><subfield code='c'>21 cm</subfield></datafield><datafield ind1='1' ind2=' ' tag='490'><subfield code='a'>Architektura, Ludzie, Historia.</subfield></datafield><datafield ind1=' ' ind2=' ' tag='500'><subfield code='a'>n</subfield></datafield><datafield ind1=' ' ind2=' ' tag='504'><subfield code='a'>Bibliogr. s. 237-243. -Indeks.</subfield></datafield><datafield ind1='1' ind2=' ' tag='700'><subfield code='a'>Gieysztor, Aleksander</subfield><subfield code='d'>(1916-1999)</subfield></datafield><datafield ind1=' ' ind2=' ' tag='852'><subfield code='b'>48OMNIS_NETWORK</subfield><subfield code='8'>9913261799205606</subfield></datafield><datafield ind1=' ' ind2=' ' tag='852'><subfield code='b'>48OMNIS_KR</subfield><subfield code='8'>991000038229708216</subfield></datafield></record>
  </collection>
</resp>
